Dopravnú infraštruktúru Slovenska čaká rozsiahla modernizácia

Výskum a ciele Slovenska v oblasti dopravy. Trvalá udržateľnosť. Železnice - liberalizácia a modernizácia. Napredovanie cestnej dopravy. Reforma leteckého priestoru. Rozvoj vodnej dopravy. Silné stránky dopravy na Slovensku. Optatrenia na podporu globalizačných trendov. Príležitosti v rozvoji doprav...

Ausführliche Beschreibung

Gespeichert in:
Bibliographische Detailangaben
1. Verfasser: Sotník, Alexander
Format: Buchkapitel
Sprache:Slowakisch
Schlagworte:
Tags: Tag hinzufügen
Keine Tags, Fügen Sie das erste Tag hinzu!

MARC

LEADER 00000naa$a2200000$$$4500
001 0056113
005 20231108134014.1
041 0 |a slo 
044 |a SK 
245 1 0 |a Dopravnú infraštruktúru Slovenska čaká rozsiahla modernizácia  |c Alexander Sotník 
520 |a Výskum a ciele Slovenska v oblasti dopravy. Trvalá udržateľnosť. Železnice - liberalizácia a modernizácia. Napredovanie cestnej dopravy. Reforma leteckého priestoru. Rozvoj vodnej dopravy. Silné stránky dopravy na Slovensku. Optatrenia na podporu globalizačných trendov. Príležitosti v rozvoji dopravy. 
610 2 0 |a doprava cestná 
610 2 0 |a doprava letecká 
610 2 0 |a doprava vodná 
610 2 0 |a doprava železničná 
610 2 0 |a modernizácia 
610 2 0 |a liberalizácia 
610 2 0 |a globalizácia 
610 2 0 |a infraštruktúra 
610 2 0 |a technológie informačné 
610 2 0 |a technológie nové 
610 2 0 |a spolupráca medzinárodná 
610 2 0 |a Slovensko 
100 1 |a Sotník, Alexander